| 000 | 00657nam a2200181Ia 4500 | ||
|---|---|---|---|
| 008 | 170725s9999 xx 000 0 und d | ||
| 100 | _aVassilis E. Zafeiris | ||
| 245 | _aAutomated refactoring of super-class method invocations to the Template Method design pattern | ||
| 245 | _cVassilis E. Zafeiris, Sotiris H. Poulias, N.A. Diamantidis, E.A. Giakoumakis | ||
| 260 | _c2017 | ||
| 300 | _apages 19-35, February | ||
| 440 |
_aInformation and software technology _v82: |
||
| 500 | _aCJ0029 | ||
| 650 | _aCall Super | ||
| 650 | _aImplementation inheritance | ||
| 650 | _aInterface inheritance | ||
| 650 | _aRefactoring; Template Method design pattern | ||
| 999 |
_c340861 _d340861 |
||